Spécialités des lieux de France - Statistiques

Statistiques générales
  • Ce quiz a été pris 204 fois
    160 depuis la dernière actualisation
  • Le résultat moyen est 11 sur 22
Statistiques - réponses
Spécialité Ville % Correct
Moutarde Dijon
100%
Piment Espelette, Cayenne
90%
Savon Marseille
82%
Pruneaux Agen
73%
Sel Guérande
73%
Rillettes Le Mans
73%
Jambon Bayonne
63%
Nougat Montélimar
62%
Porcelaine Limoges
59%
Calissons Aix-en-Provence
54%
Choucroute Alsace
48%
Galettes Bretagne
47%
Fromage bleu Auvergne
42%
Parfums Grasse
39%
Champagne Champagne
37%
Macarons Paris
35%
Melon Cavaillon
31%
Violette Toulouse
25%
Couteaux Laguiole
22%
Soie Lyon
16%
Marrons glacés Ardèche
11%
Dentelle Brioude
1%
Aucun quiz correspondant
Distribution des résultats
% des personnes avec chaque résultat
Percentile par nombre de réponses
Votre historique - résultats
Vous n’avez pas pris ce quiz depuis la dernière actualisation